000 00430nam a2200181Ia 4500
001 13980
005 20260306164840.0
008 260306t2007||||xx |||||||||||||| ||spa||
041 _aESP
082 _a005.74
_bR21
100 _aRamakrishnan, Raghu
_eAUT
245 0 _aSistemas de gestión de bases de datos
260 _c2007
300 _a654 páginas :
_c
650 _aGEN
654 _aCCC
942 _cLIB
_dJUS
_fJUS
_2ddc
_n
999 _c13980
_d13980